00372nam a2200145Ia 4500003000900000008004100009040001600050080001700066100001900083245005300102260002600155300001000181650001400191650002100205IN-BaIIA211028s9999 xx 000 0 eng d cIIA Library a530.1bCHA-3 aChampion, F. C 0aUniversity physicsbpt. 3, lightcF. C. Champion aLondonbBlackiec1941 a172p. a Physics aNASA Thesaurus